| 000 | 01054nas a2200337 4500 | ||
|---|---|---|---|
| 001 | BR2014002324 | ||
| 003 | BR-BrBNA | ||
| 005 | 20231205123911.0 | ||
| 007 | ta | ||
| 008 | 230509b bl.|||p| |||| 00| 00por d | ||
| 040 |
_aBR-BrBNA _bpor _cBiblioteca Nacional de Agricultura |
||
| 041 | _a(En) | ||
| 072 | _aL02 | ||
| 100 | 1 | _aFreitas Júnior, J.E. de | |
| 100 | 1 | _aRennó, F.P. | |
| 100 | 1 | _aSantos, M.V. dos | |
| 100 | 1 | _aGandra, J.R. | |
| 100 | 1 | _aMaturana Filho, M. | |
| 100 | 1 | _aVenturelli, B.C. | |
| 245 | 1 | _aProductive performance and composition of milk protein fraction in dairy cows supplemented with fat sources | |
| 650 | _aGADO HOLANDÊS | ||
| 650 | _aRAÇÃO | ||
| 650 | _aSUPLEMENTO ALIMENTAR | ||
| 650 | _aGORDURA | ||
| 650 | _aLEITE | ||
| 650 | _aPRODUÇÃO | ||
| 773 | 0 |
_tRevista Brasileira de Zootecnia (Brazil) _xISSN 1806-9290 _g(Apr 2010), v. 39(4) p. 845-852 _wBR2014002324 |
|
| 856 | 4 | 0 | _uhttp://www.scielo.br/pdf/rbz/v39n4/v39n4a21.pdf |
| 909 |
_a202311 _bLúcia _c55 _dLúcia Elande |
||
| 942 |
_2AGRIS _n0 _cANA |
||
| 999 |
_c236281 _d236281 |
||